Early nineteenth century Punjab: From Ganesh Das's Chaar Bagh-i-Punjab (Record no. 227944)

MARC details
000 -LEADER
fixed length control field 00410nam a2200145Ia 4500
008 - FIXED-LENGTH DATA ELEMENTS--GENERAL INFORMATION
fixed length control field 230917s9999||||xx |||||||||||||| ||und||
040 ## - CATALOGING SOURCE
-- 39228
Original cataloging agency VIVEKANANDA LIBRARY
041 ## - Language
-- English
082 ## - DDC NUMBER
Classification number 954.5 G869E
100 ## - MAIN ENTRY--PERSONAL NAME
Personal name Grewal, J S, ed.
245 #0 - TITLE STATEMENT
Title Early nineteenth century Punjab: From Ganesh Das's Chaar Bagh-i-Punjab
260 ## - PUBLICATION, DISTRIBUTION, ETC. (IMPRINT)
Place of publication, distribution, etc Amritsar
Name of publisher, distributor, etc Guru Nanak Dev University
Date of publication, distribution, etc 1975
300 ## - PHYSICAL DESCRIPTION
Pages 202 p.
942 ## - ADDED ENTRY ELEMENTS (KOHA)
Koha item type Books
Holdings
Withdrawn status Lost status Damaged status Not for loan Location (home branch) Sublocation or collection (holding branch) Date acquired Koha issues (times borrowed) Koha full call number Accession No. Koha date last seen Koha item type
        VIVEKANANDA LIBRARY VIVEKANANDA LIBRARY 29/08/2002   954.5 G869E 95720 17/09/2023 Books
© Designed and Maintained by Vivekananda Library, MDU Rohtak